|
|
|
|
| LEADER |
00000cam a2200000 7i4500 |
| 001 |
0000035346 |
| 005 |
20130206.0 |
| 008 |
130206 |
| 020 |
|
|
|a 9673220427
|
| 090 |
0 |
0 |
|a 297.44
|b MUH
|
| 100 |
0 |
|
|a Muhammad Nasirudin
|
| 245 |
1 |
0 |
|a Ibadurahman :
|b ibadah hamba-hamba Allah SWT
|c Muhammad Nasirudin
|
| 260 |
|
|
|a KL :
|b Synergy Media ,
|c [s.n]
|
| 440 |
|
|
|a Siri hidayah Islam
|
| 650 |
|
0 |
|a Islam customs & practices
|
| 650 |
|
0 |
|a Religious life
|x Islam
|
| 999 |
|
|
|a 0001064564
|b Book
|c Adult Collection
|e Cawangan Taman Sri Lambak
|
| 999 |
|
|
|a 0001153673
|b Book
|c Adult Collection
|e Perbadanan Perpustakaan Awam Johor
|
| 999 |
|
|
|a 0001153674
|b Book
|c Adult Collection
|e Perbadanan Perpustakaan Awam Johor
|
| 999 |
|
|
|a 0001153675
|b Book
|c Adult Collection
|e Perbadanan Perpustakaan Awam Johor
|
| 999 |
|
|
|a 0001153676
|b Book
|c Adult Collection
|e Perbadanan Perpustakaan Awam Johor
|